Global environmental change and land use (Record no. 195185)

MARC details
000 -LEADER
fixed length control field 00750nam a2200241Ia 4500
008 - FIXED-LENGTH DATA ELEMENTS--GENERAL INFORMATION
fixed length control field 191130s2003##################000#0#eng##
020 ## - INTERNATIONAL STANDARD BOOK NUMBER
ISBN 9781402013461
082 ## - DEWEY DECIMAL CLASSIFICATION NUMBER
Classification number 363.7 DOL
245 ## - TITLE STATEMENT
Title Global environmental change and land use
Statement of responsibility, etc edited by A. J. Dolman, A. Verhagen, C. A. Rovers
260 ## - PUBLICATION, DISTRIBUTION, ETC. (IMPRINT)
Place of publication Dordrecht ; Boston
Name of publisher Kluwer Academic Publishers
Year of publication c2003
300 ## - PHYSICAL DESCRIPTION
Number of Pages xi, 210 p. : ill. ; 25 cm
500 ## - GENERAL NOTE
General note Includes bibliographical references and index
650 ## - SUBJECT ADDED ENTRY--TOPICAL TERM
Topical Term Global environmental change
Topical Term Land use
700 ## - ADDED ENTRY--PERSONAL NAME
Personal name Dolman, A. J
Personal name Rovers, C. A
Personal name Verhagen, A
991 ## -
-- 225509
Holdings
Withdrawn status Lost status Damaged status Not for loan Home library Current library Date acquired Full call number Accession Number Price effective from Koha item type
        Anna Centenary Library Anna Centenary Library 13.10.2020 363.7 DOL 293409 13.10.2020 English Books

Find us on the map